00488nam a22001577a 450000500170000002000250001703700250004210000240006724500730009126000440016427000410020830000290024949000200027870000170029870000150031520111212143040.0 a9788121938266c99.00 bS. Chand Publishing  aPerkins, Catherine  aThe most excellent book of how to be a clown /cby Catherine Parkins aNew Delhi bS. Chand Publishing c2011 a7361, Ram Nagar bNew Delhi e110055 a32p. bill. c24cm(pbk)  aMost excellent  aSarah Levete aShone, Rob